BIBLIOTHÈQUE DE LA MAISON DU MEXIQUE

Logo 1 Logo 2

La guerra de castas en Yucatán (notice nᵒ 4714)

détails MARC
000 -Sello discográfico
campo de control de longitud fija 01071nam a2200277 4500
005 - Identificación de versión
campo de control 20251016083857.0
035 ## - Otros números de control del sistema
Número de control del sistema 25282
099 ## - fechas locales
Tipo de ítem Koha LIBRO
100 ## - Datos de procesamiento general
Datos de procesamiento general 19990105d1995 m y1spay5003 ba
105 ## - Campo de datos codificados: Material textual, monográfico
Datos codificados de monografía y 001zy
200 1# - Título y mención de responsabilidad
Título propio La guerra de castas en Yucatán
Designación general del material texto impreso
Otra información del título Catálogo de El Fénix, periódico de Campeche : 1848-1851
Primer mención de responsabilidad Norma Angélica Maya Gatica
210 ## - Publicación, distribución, etc.
Lugar de publicación, distribución, etc. México
Nombre del editor, distribuidor, etc. Universidad Nacional Autónoma de México, Instituto de Investigaciones Históricas
-- Instituto de Investigaciones Dr. José María Luis Mora
-- Consejo Nacional de Ciencia y Tecnología
Fecha de publicación, distribución, etc. 1995
215 ## - Descripción física
Designación de material específico y extensión del ítem 149 p
Dimensiones 28 cm
345 ## - Nota de información de adquisición
Fuente de adquisición/dirección de la suscripción [OBSOLETO] Donación del Instituto Mora
410 #1 - Series
Título Colección Carlos Bosch García
607 ## - Nombre geográfico utilizado como tema
Elemento de entrada Yucatán (México)
Subdivisión temática Historia
Subdivisión cronológica Guerra de Castas, 1847-1855
Número Koha 1067
660 ## - Código de área geográfica
Código MX
700 ## - Nombre personal - Responsabilidad primaria
Elemento de entrada Maya Gatica
Parte del nombre distinta del elemento de entrada Norma Angélica
Número Koha 9092
801 #0 - Fuente de origen
Agencia cm
900 ## -
-- 1/19932
900 ## -
-- 710999747\\050199
942 ## - ELEMENTOS DE ENTRADA SECUNDARIOS (KOHA)
Tipo de ítem Koha Livre
996 ## -
-- MEX
-- 751145101
-- MMAG
-- 010008
-- 972.64 M466G
-- 20240328LIV
Exemplaires
Estatus retirado Estado de daño Estado de pérdida Fecha de adquisición Biblioteca de origen Biblioteca actual Ubicación en estantería Código de barras Precio de reemplazo Signatura topográfica completa No para préstamo Tipo de ítem Koha Nota pública Nota no pública
      05/08/2025 Casa México Paris Casa México Paris   010008 05/08/2025 972.64 M466G   Livre 20240328LIV 751145101